Political science (Record no. 387043)

MARC details
000 -LEADER
fixed length control field 00486nam a2200181Ia 4500
008 - FIXED-LENGTH DATA ELEMENTS--GENERAL INFORMATION
fixed length control field 191130s2000##################000#0#eng##
020 ## - INTERNATIONAL STANDARD BOOK NUMBER
ISBN 9780074395578
082 ## - DEWEY DECIMAL CLASSIFICATION NUMBER
Classification number 320 JAC
100 ## - MAIN ENTRY--AUTHOR NAME
Personal name Jacobks, William T
245 ## - TITLE STATEMENT
Title Political science
Statement of responsibility, etc william T.Jacobks
260 ## - PUBLICATION, DISTRIBUTION, ETC. (IMPRINT)
Place of publication New York
Name of publisher MaGraw-Hill
Year of publication c2000
300 ## - PHYSICAL DESCRIPTION
Number of Pages iv, 607 p. ; 24 cm
650 ## - SUBJECT ADDED ENTRY--TOPICAL TERM
Topical Term Political science
991 ## -
-- 193600

No items available.

Find us on the map